|
|
|
|
| LEADER |
00000nam a2200000 a 4500 |
| 001 |
UCP0192 |
| 003 |
CL-VaPUC |
| 008 |
990305e19960000AG |||||||||||||||||spa|d |
| 082 |
0 |
4 |
|a 028.7
|b ROM
|2 21
|
| 100 |
0 |
|
|a Romanos de Tiratel, Susana
|e author
|9 425178
|
| 245 |
1 |
0 |
|a Guía de fuentes de información especializadas: humanidades y ciencias sociales
|
| 300 |
|
|
|a 230 p
|
| 942 |
|
|
|c BK
|
| 945 |
|
|
|d 19990305 00:00:00
|a aarredon
|
| 260 |
|
|
|a Buenos Aires
|b EB
|c 1996
|
| 650 |
|
7 |
|a MATERIAL DE REFERENCIA
|2 CL-VaPUC
|9 372342
|
| 650 |
|
0 |
|a Ciencias sociales
|9 256351
|
| 650 |
|
0 |
|a Humanidades
|9 395920
|
| 650 |
|
0 |
|a Fuentes de información
|9 337538
|
| 650 |
|
0 |
|a Bibliotecas especializadas
|9 375901
|
| 583 |
|
|
|a last modification
|c 19990305 00:00:00
|k Rodrigo Vera
|
| 999 |
|
|
|c 279033
|d 279031
|
| 952 |
|
|
|0 0
|1 0
|4 0
|6 028_700000000000000_ROM_1996
|7 0
|8 A
|9 317928
|a BIBGIM
|b BIBGIM
|d 2019-11-20
|i 349716K
|o 028.7 ROM 1996
|p 349716K
|r 2025-01-15
|w 2019-11-20
|y BK
|k GIM
|